| 000 | 01836cam a22001814a 4500 | ||
|---|---|---|---|
| 005 | 20250605164145.0 | ||
| 008 | 250528s ||||||||||||||||||||||||d | ||
| 035 | _a19118 | ||
| 040 |
_aGR-AtMCL _bgre _dGR-AtMCL _eAACR2 |
||
| 245 | 1 | _aΟδηγός Εκθέσεων / Α', Β', Γ' Γυμνασίου: Εκθέσεις Γυμνασίου και γενικοί Προβληματισμοί | |
| 260 |
_bΦίλιππος, _c1986 |
||
| 300 | _a432 | ||
| 520 | _aΠρόλογος, Η Προετοιμασία της Έκθεσης, Τα Σημεία Στίξης, Το Ύφος, Τα Στολίδια της Έκθεσης, Η Πορεία της Έκθεσης, Είδη Εκθέσεων, Είδη Εθέσεων, Για Ζωγραφικό Πίνακα, Σύνθετη Περιγραφή, Εκδρομές και Περίπατοι, Ταξίδια και Ταξιδιωτικές Εντυπώσεις, Πολιτιστικές Δραστηριότητες και Επισκέψεις, Εκθέσεις από το Φυσικό Περιβάλλον, Εκθέσεις με Μορφή Βιογραφίας, Εκθέσεις με Μορφή Μαθητικού Ημερολογίου, Επιστολές, Αιτήσεις, Εκθέσεις Χαρακτηρισμών, Περιγραφή Ανθρώπων, Περιγραφή και Χαρακτηρισμός Απλού Κοινωνικού Τύπου, Παροιμίες, Απλές Έννοιες και Ανάλυση Εννοιών, Απλές Πραγματείες, Απλοί Προβληματισμοί, Σχολείο και Οικογένεια και Κοινωνία, Γιορτές και Συναισθήματα, Βιβλιογραφία, Περιεχόμενα. | ||
| 700 | 1 |
_aΧατζηθωμάς Φώτιος Π _95364 |
|
| 942 | _cBK | ||
| 999 |
_c4397 _d4397 |
||